Formel 1 Strecken auf einer Karte - Statistiken

Allgemein
  • Dieses Quiz wurde 780 mal gespielt
  • Das Durchschnittsergebnis liegt bei 20 aus 32
Antworten auf der Karte
Die Antworten werden auf der Karte rot bzw. grün angezeigt, abhängig davon wie oft sie richtig erraten wurden.
 
Antwortstatistiken
Antwort % Korrekt
Albert Park Circuit
81%
Silverstone Circuit
76%
Circuit of the Americas
74%
Miami International Autodrome
72%
Autodromo Hermanos Rodriguez
71%
Circuit de Barcelona-Catalunya
71%
Circuit Park Zandvoort
71%
Istanbul Park Circuit
69%
Red Bull Ring
69%
Suzuka International Racing Course
69%
Korean International Circuit
68%
Baku City Circuit
67%
Circuit de Monaco
67%
Hockenheim Ring
67%
Circuit Gilles-Villeneuve
66%
Shanghai International Circuit
66%
Autodromo Nazionale Monza
65%
Circuit de Spa-Francorchamps
65%
Autodromo internacional
do Algarva
64%
Buddh International Circuit
64%
Bahrain International Circuit
62%
Jeddah Corniche Circuit
62%
Nürburgring
61%
Sochi Autodrom
60%
Valencia Street Circuit
58%
Autodromo Enzo e Dino Ferrari
57%
Yas Marina Circuit
52%
Sepang international Circuit
51%
Circuit Paul Ricard
46%
Marina Bay Street Circuit
45%
Interlagos
23%
Hungaroring
22%
Keine übereinstimmenden Quizze gefunden
Verteilung der Resultate
Anzahl Personen mit jedem Resultat
Perzentil nach korrekt beantworteten Fragen
Ihre Resultats-Entwicklung
Sie haben dieses Quiz noch nicht gespielt